000 00663nam a22001935i 4500
001 68481
003 ES-MaACL
007 t|
008 960805s1888 sp a ||||1| spa d
040 _aCAM
_bspa
_cCAM
100 1 _aGarcía López, Marcelino.
_954849
245 1 0 _aMotores hidráulicos empleados en los trabajos industriales /
_cpor M. García López.
260 _aMadrid :
_bHijos de D. J. Cuesta,
_c1888 (
_fEstab. tip. de E. Cuesta á cargo de J. Giraldez)
300 _a143, [1] p. :
_bil. ;
_c24 cm.
490 1 _aMonografías industriales
830 0 _aMonografías industriales
_9230946
852 _aES-MaACL
_jT-554-F-6
999 _c68481
_d68481